00246nam a2200097Ia 4500008004100000041000800041082000800049100002000057245003500077260003600112231212s1979 xx 000 0 und d aeng a620 aFeckrich Burche aPromblems In Practical Physics aSingapourebMir Publisherc1979